UBT Library

Social psychological aspects of health / (Record no. 41275)

000 -LEADER
fixed length control field 00620pam a2200217 a 4500
001 - CONTROL NUMBER
control field 4731927
005 - DATE AND TIME OF LATEST TRANSACTION
control field 20180130053912.0
008 - FIXED-LENGTH DATA ELEMENTS--GENERAL INFORMATION
fixed length control field 840309s1984 njua b 001 0 eng
010 ## - LIBRARY OF CONGRESS CONTROL NUMBER
LC control number 84005962
020 ## - INTERNATIONAL STANDARD BOOK NUMBER
International Standard Book Number 0898592097
040 ## - CATALOGING SOURCE
Original cataloging agency DLC
Transcribing agency DLC
Modifying agency DLC
041 ## - LANGUAGE CODE
Language code of text/sound track or separate title eng
080 ## - UNIVERSAL DECIMAL CLASSIFICATION NUMBER
Universal Decimal Classification number 610.19
082 00 - DEWEY DECIMAL CLASSIFICATION NUMBER
Classification number 610.19 BAU
-- 616/.0019
Edition number 19
100 ## - Rafti
Rafti 48
101 ## - Shkurtesa
Shkurtesa PSI
245 00 - TITLE STATEMENT
Title Social psychological aspects of health /
Statement of responsibility, etc edited by Andrew Baum, Shelley E. Taylor, Jerome E. Singer.
504 ## - BIBLIOGRAPHY, ETC. NOTE
Bibliography, etc Includes bibliographies and indexes.
906 ## - LOCAL DATA ELEMENT F, LDF (RLIN)
a 7
b cbc
c orignew
d 1
e ocip
f 19
g y-gencatlg
942 ## - ADDED ENTRY ELEMENTS (KOHA)
Source of classification or shelving scheme
Item type Books
Holdings
Withdrawn status Lost status Source of classification or shelving scheme Damaged status Not for loan Collection code Permanent location Current location Shelving location Date acquired Total Checkouts Full call number Barcode Date last seen Price effective from Koha item type
          Koleksioni i përgjithshem UBT - Lipjan UBT - Lipjan Koleksioni i përgjithshem 01/30/2018   610.19 BAU 002-2996742 01/30/2018 01/30/2018 Books
UBT Library © 2015-2024. All rights reserved University Education for Business and Technology